Phan Quang tuyển tập

Salvato in:
Dettagli Bibliografici
Autore principale: Phan, Quang
Natura: Libro
Lingua:Undetermined
Pubblicazione: Hà Nội Văn Học 1999
Soggetti:
Tags: Aggiungi Tag
Nessun Tag, puoi essere il primo ad aggiungerne! !
Thư viện lưu trữ: Trung tâm Học liệu Trường Đại học Cần Thơ
LEADER 00498nam a2200181Ia 4500
001 CTU_53059
008 210402s9999 xx 000 0 und d
020 |c 94000 
082 |a 895.9228 
082 |b Qu106/T.3 
100 |a Phan, Quang 
245 0 |a Phan Quang tuyển tập 
245 0 |c Phan Quang 
260 |a Hà Nội 
260 |b Văn Học 
260 |c 1999 
650 |a Vietnamese literature,Văn học Việt Nam 
980 |a Trung tâm Học liệu Trường Đại học Cần Thơ